02471nam a2200325 a 450000100100000000500170001000800410002702000180006804000250008608200240011111000600013524501440019524600470033926000360038630000430042250007040046559000260116965000270119565000520122265100530127465100580132770000400138591000420142595201370146795201370160495201370174195201220187895201280200099900170212800002081420250401130908.0100818s2008 dr ab 000 0 spa d a9789945859560 aDO-SdBNPbspacBNPHU a303.44bP964i, 20082 aPrograma de las Naciones Unidas para el Desarrollo918710aInforme sobre desarrollo humano República Dominicana 2008 :bdesarrollo humano, una cuestión de poder /cprólogo Miguel Ceara-Hatton. aDesarrollo humano, una cuestión de poder aSanto Domingo :bTaller,c2008. axxxvi, 519 p. :bil. ; mapa, ;c29 cm.2 aPresentación -- Prólogo -- Secretaría de Estado de Economía, Planificación y Desarrollo : algunas consideraciones sobre el INDH 2008 -- Perspectiva general : desarrollo humano, una cuestión de poder -- Desarrollo humano y poder en el territorio -- El empoderamiento social : poder que se construya y se conquista -- La descentralización : poder que se redistribuye -- Capacidades esenciales para el empoderamiento : educación, salud, protección y asistencia social -- La economía : una dinámica que fragmenta el territorio -- Sostenibilidad ambiental y desarrollo humano -- Elementos para una estrategia de empoderamiento, descentralización e intervención en el territorio. aInventariado, 2018/BT 4aDesarrollo humano9213 4aDesarrollo económicoxAspectos sociales91346 4aRepública DominicanaxCondiciones Sociales946 4aRepública DominicanaxCondiciones Económicas92811 aCeara-Hatton, Miguelepról.91685 aValidado. Control de calidad. MMOLINA 001054708DSaGRbGRcHDd2011-02-18iLF1l0o303.44 P964i, 2008p20814-30r2020-06-25te. 3w2020-06-25yLFDSZPréstamo en sala 001054708DSaGRbGRcHDd2011-04-18iLF1l0o303.44 P964i, 2008p20814-40r2020-06-25te. 4w2020-06-25yLFDSZPréstamo en sala 001054708DSaGRbGRcHDd2011-04-18iLF1l0o303.44 P964i, 2008p20814-60r2020-06-25te. 5w2020-06-25yLFDSZPréstamo en sala 0010718PDaPDbPDcHDd2010-08-18iLF1l0o303.44 P964i, 2008p20814-10r2020-06-25w2020-06-25yLFPDZNo se presta 0010718PDaPDbPDcHDd2011-02-18iLF1l0o303.44 P964i, 2008p20814-20r2020-06-25te. 2w2020-06-25yLFPDZNo se presta c20318d20318